| 000 | 01322nam a2200337Ia 4500 | ||
|---|---|---|---|
| 001 | ebr10101574 | ||
| 003 | CaPaEBR | ||
| 006 | m u | ||
| 007 | cr cn||||||||| | ||
| 008 | 040301s2004 maua sb 001 0 eng d | ||
| 010 | _z 04046457 | ||
| 020 | _z1402078722 | ||
| 020 | _z1402078730 (eBook) | ||
| 040 |
_aCaPaEBR _cCaPaEBR |
||
| 035 | _a(OCoLC)55893648 | ||
| 050 | 1 | 4 |
_aTK6678 _b.B48 2004eb |
| 082 | 0 | 4 |
_a384.54524 _222 |
| 100 | 1 |
_aBeutler, Roland, _d1961- |
|
| 245 | 1 | 0 |
_aFrequency assignment and network planning for digital terrestrial broadcasting systems _h[electronic resource] / _cRoland Beutler. |
| 260 |
_aBoston, Mass. ; _aLondon : _bKluwer Academic, _cc2004. |
||
| 300 |
_axvi, 309 p. : _bill. |
||
| 504 | _aIncludes bibliographical references and index. | ||
| 533 |
_aElectronic reproduction. _bPalo Alto, Calif. : _cebrary, _d2009. _nAvailable via World Wide Web. _nAccess may be limited to ebrary affiliated libraries. |
||
| 650 | 0 | _aRadio frequency allocation. | |
| 650 | 0 | _aDigital television. | |
| 650 | 0 | _aDigital audio broadcasting. | |
| 650 | 0 | _aDigital communications. | |
| 655 | 7 |
_aElectronic books. _2local |
|
| 710 | 2 | _aebrary, Inc. | |
| 856 | 4 | 0 |
_uhttp://site.ebrary.com/lib/rucke/Doc?id=10101574 _zAn electronic book accessible through the World Wide Web; click to view |
| 999 |
_c207728 _d207728 |
||